| 000 | 00607nam a2200229Ia 4500 | ||
|---|---|---|---|
| 003 | OSt | ||
| 005 | 20240523124055.0 | ||
| 008 | 210716s2010 xx 000 0 und d | ||
| 020 | _a9781439169483 | ||
| 040 | _cAIMIT LIBRARY | ||
| 041 | _aeng | ||
| 082 |
_a374.22 _21 _bPLAT |
||
| 100 |
_aPlato. _9167061 |
||
| 245 |
_aDialogues of plato / _cBy Plato. |
||
| 250 | _a1st ed. | ||
| 260 |
_aNew York : _bSimon & Schuster , _c2010. |
||
| 300 |
_axx,376p. ; _bPB _c17.1 cm |
||
| 650 |
_aEuthyphro _9167062 |
||
| 650 |
_aApology _9167063 |
||
| 650 |
_aSymposium _9167064 |
||
| 942 |
_2ddc _cBK _e1st _k374.22 PLAT |
||
| 999 |
_c207450 _d207450 |
||